000 00667nam a2200205Ia 4500
003 GCL
008 140319s9999 xx 000 0 ara d
040 _aGCL /
_cGCL
082 0 4 _a320.962
_bع ى
100 1 _aعمرو عبدالسميع
245 1 0 _aاليمين واليسار: حوارات حول المستقبل /
_cعمرو عبدالسميع
260 _a[S.N] :
_bمركز ابن خلدون للدراسات الانمائية ،
_c1993
300 _a653 ص
490 _a
650 0 4 _aالعصر الحديث
650 0 4 _aمصر
650 0 4 _aالاحوال الاجتماعية
650 0 4 _aالاحوال السياسية
942 _2ddc
_cBK
999 _c27899
_d27899